| 000 | 00541nam a2200205Ia 4500 | ||
|---|---|---|---|
| 008 | 131103s9999 xx 000 0 und d | ||
| 040 | _aLoreto College | ||
| 041 | _aEnglish | ||
| 082 |
_a821.4/MIL-ELL _bLCBkB/E172 |
||
| 100 | _aMilton, John | ||
| 245 |
_aParadise lost _cJohn Milton;edited by M.Macmillan |
||
| 250 | _a2nd ed. | ||
| 260 |
_aLondon _bMacmillan _c1966 |
||
| 300 | _c 22 cm. | ||
| 504 | _aIncludes appendix | ||
| 650 | _aEnglish Poetry | ||
| 700 | _aMacmillan, M.;ed. | ||
| 850 | _aLCBkB/821.4/MIL-ELL | ||
| 942 | _cBK | ||
| 999 |
_c35715 _d86194 |
||